Popular Finnish Music Artists - Statistics

General Stats
  • This quiz has been taken 163 times
    133 since last reset
  • The average score is 42 of 195
Answer Stats
Answer % Correct
Cheek
64%
Turisti
64%
JVG
61%
Kaija Koo
59%
Elastinen
58%
Käärijä
56%
Sanni
56%
Antti Tuisku
55%
Jenni Vartiainen
55%
Robin
54%
Mirella
49%
Eppu Normaali
48%
Gettomasa
48%
Katri Helena
48%
Anna Puu
47%
Haloo Helsinki
47%
PMMP
47%
Sexmane
47%
Ibe
45%
Nightwish
45%
Arttu Wiskari
44%
Isac Elliot
44%
Juha Tapio
44%
BEHM
43%
KUUMAA
43%
Ellinoora
42%
Apulanta
41%
Lauri Tähkä
41%
ABREU
40%
Lauri Haav
39%
Vesala
39%
AHTI
37%
Bess
37%
HUGO
36%
Dingo
35%
Erika Vikman
35%
HIM
35%
Maija Vilkkumaa
35%
Popeda
35%
35%
Leevi and the Leavings
34%
Cledos
33%
VIIVI
33%
Averagekidluke
32%
Costi
32%
Jari Sillanpää
32%
Lordi
32%
Paula Koivuniemi
32%
Anssi Kela
31%
Bee
31%
Jukka Poika
30%
Olavi Uusivirta
30%
pehmoaino
30%
Tuuli
30%
Chisu
29%
Etta
29%
Juice Leskinen
29%
J. Karjalainen
28%
Kari Tapio
28%
Mikael Gabriel
28%
Benjamin
27%
Erin
27%
Teflon Brothers
27%
Vesa-Matti Loiri
27%
Petri Nygård
26%
Ville Valo
26%
ALMA
25%
ANI
25%
costee
25%
Pyhimys
25%
Blind Channel
24%
Happoradio
24%
Kirka
24%
Nylon Beat
24%
Portion Boys
24%
The Rasmus
24%
William
24%
Ege Zulu
22%
Hector
22%
Ilta
22%
Matti ja Teppo
22%
Nelli Matula
22%
Samuli Edelmann
22%
Egotrippi
21%
Kotiteollisuus
21%
Pete Parkkonen
21%
Suvi Teräsniska
21%
Evelina
20%
Jannika B
20%
Laura Voutilainen
20%
Tehosekoitin
20%
Danny
19%
Darude
19%
Diandra
19%
emma & matilda
19%
Irwin Goodman
19%
Jami Faltin
19%
Uniikki
19%
Gasellit
18%
Irina
18%
Janna
18%
Laura Närhi
18%
Mariska
16%
Pariisin Kevät
16%
Pate Mustajärvi
16%
Pikku G
16%
Reino Nordin
16%
Sara Siipola
16%
Ultra Bra
16%
Isaac Sene
15%
Pihlaja
15%
Roope Salminen & Koirat
15%
Stig
15%
Anna Eriksson
14%
Eini
14%
Johanna Kurkela
14%
Kube
14%
Tiktak
14%
Uniklubi
14%
Aliisa Syrjä
13%
Kasmir
13%
Nikke Ankara
13%
Vesta
13%
Virve Rosti
13%
Aikakone
12%
Jonne Aaron
12%
Lukas Leon
12%
Olli Lindholm
12%
Tapani Kansa
12%
Vilma Alina
12%
Arttu Lindeman
11%
Frederik
11%
Jambo
11%
Jonna Tervomaa
11%
Paleface
11%
Poju
11%
Sini Sabotage
11%
Tuure Boelius
11%
Tuure Kilpeläinen
11%
Aste
10%
Ida Paul
10%
Ressu Redford
10%
Tapio Rautavaara
10%
Windows95Man
10%
Arja Koriseva
9%
Brädi
9%
Fintelligens
9%
Jesse Kaikuranta
9%
Movetron
9%
Samu Haber
9%
SHRTY
9%
Sunrise Avenue
9%
Elias Kaskinen
8%
Indica
8%
Joe L
8%
Karri Koira
8%
Katri Ylander
8%
Nopsajalka
8%
Tippa
8%
Turmion Kätilöt
8%
Hanna Pakarinen
7%
Jippu
7%
JOALIN
7%
Lord Est
7%
Mouhous
7%
Teräsbetoni
7%
Juno
6%
Redrama
6%
Riki Sorsa
6%
Nebi
5%
Pasi ja Anssi
5%
Yeboyah
5%
Faija
4%
Krista Siegfrids
4%
Mikko Kuustonen
4%
Ollie
4%
Ramses II
4%
Hank Solo
3%
Jope Ruonansuu
3%
Keko Salata
3%
Sini Yasemin
3%
Tauski
3%
Tuomas Kauhanen
3%
Adi L Hasla
2%
Finlanders
2%
Kymppilinja
2%
OG Ulla-Maija
2%
TCT
2%
T Swoop
2%
YOUNGHEARTED
2%
Business City
1%
Heviteemu
1%
Janne Orden
1%
Lucas
1%
Satin Circus
1%
No matching quizzes found
Score Distribution
Percent of People with Each Score
Percentile by Number Answered
Your Score History
You have not taken this quiz since the last reset